000
00329nmm a2200145 a 4500
003
AR-BaBNM
005
20251128203136.0
008
293119s1936 ||||||||||||||000 | spa||
040
_c
AR-BaBNM
100
1
_a
Camerlynck, G.H.
245
1
0
_a
The boy's own book
260
_a
[S.l.]
_b
Didier
_c
1936
942
_c
BK
998
_c
LOMBERG
999
_c
2096
_d
2096